000 00646nam a2200205Ia 4500
005 20260121110208.0
008 008 260114s9999 xx 000 0 hin d
020 _a9788132365235
037 _aEBOOK
040 _aCRL
_bhin
_cCRL
041 _ahin
_2hin
084 _qCRL
100 _aरूचि प्रधान / Ruchi Pradhan
_9943211
245 0 _aअंकगणित: एक अवलोकन / Ankganit: Ek Avlokan
260 _bभाषा प्रकाशन / Bhasha Prakashan
_c2021
856 _uhttps://bhashaprakashan.com/product-details/379175
942 _cEBOOK
999 _c1534876
_d1534876